| 000 | 00403nam a22001697a 4500 | ||
|---|---|---|---|
| 003 | OSt | ||
| 005 | 20260325161130.0 | ||
| 008 | 260325b |||||||| |||| 00| 0 eng d | ||
| 020 | _a9789354473456 | ||
| 040 | _cBGL | ||
| 100 | _aBond Ruskin | ||
| 245 | _aScenes From The Magic Mountain | ||
| 260 |
_aNew Delhi _bSpeaking Tiger Books _c2026 |
||
| 300 | _a181p | ||
| 650 | _aEnglish | ||
| 942 |
_2ddc _cGB |
||
| 999 |
_c44338 _d44338 |
||